000 00513nam a22001817a 4500
003 dpl
005 20180707182217.0
008 180707b xxu||||| |||| 00| 0 eng d
020 _a8170366550
035 _aA-944365
040 _aDPL
_bEN
_c0
082 _a658.85
_bVIE
100 _aVieira, Walter
245 _aSuccessful Selling
_bgetting customer to say 'Yes'
_c/by walter vieira
260 _aNew Delhi
_bResponse books
_c1998
300 _a194p.
_c20cm.
942 _2ddc
_cEN
_h658.85
_mVIE
999 _c153607
_d153607